Animals, Plants and Afterimages : The Art and Science of Representing Extinction.

Bibliographic Details
Main Author: Bienvenue, Valérie.
Other Authors: Chare, Nicholas.
Format: eBook
Language:English
Published: New York, NY : Berghahn Books, Incorporated, 2022.
Edition:1st ed.
Subjects:
Online Access:Click to View
LEADER 03013nam a22003973i 4500
001 EBC6882402
003 MiAaPQ
005 20240729202203.0
006 m o d |
007 cr cnu||||||||
008 240729s2022 xx o ||||0 eng d
020 |a 9781800734265  |q (electronic bk.) 
020 |z 9781800734258 
035 |a (MiAaPQ)EBC6882402 
035 |a (Au-PeEL)EBL6882402 
035 |a (OCoLC)1296429680 
040 |a MiAaPQ  |b eng  |e rda  |e pn  |c MiAaPQ  |d MiAaPQ 
050 4 |a N7663 .A55 2022 
082 0 |a 704.943 
100 1 |a Bienvenue, Valérie. 
245 1 0 |a Animals, Plants and Afterimages :  |b The Art and Science of Representing Extinction. 
250 |a 1st ed. 
264 1 |a New York, NY :  |b Berghahn Books, Incorporated,  |c 2022. 
264 4 |c {copy}2022. 
300 |a 1 online resource (462 pages) 
336 |a text  |b txt  |2 rdacontent 
337 |a computer  |b c  |2 rdamedia 
338 |a online resource  |b cr  |2 rdacarrier 
505 0 |a Animals, Plants and Afterimages -- Contents -- Illustrations, Figures and Tables -- Acknowledgements -- Introduction -- Part I. Dialogues about Extinction -- Chapter 1. The Dinosaur as Cultural Symbol and Totem -- Chapter 2. Visualizing Extinction -- Chapter 3. 'Putting Nature Back Together Again' -- Part II. Indigenous Peoples and Extinction -- Chapter 4. The Beothuk, the Great Auk and the Newfoundland Wolf -- Chapter 5. Cultural Memory of Recent Extinctions -- Chapter 6. Grief, Extinction and Bilhaa (Abalone) -- Part III. Representing Avian and Insect Extinctions -- Chapter 7. Sparrows with Teeth and Claws? -- Chapter 8. Rare Birds and Rare Books -- Chapter 9. The Species Revitalist Sublime -- Chapter 10. Insects, Spiders, Snails and Empathy -- Part IV. Representing Extinct Plants and Fungi -- Chapter 11. Reconstructing Lycopsids Lost to the Deep Past -- Chapter 12. Ellis Rowan, Extinction and the Politics of Flower Painting -- Chapter 13. Towards Extinction -- Chapter 14. Sweetness, Powwer, Yeasts and Entomo-terroir -- Part V. Representing Extinct Mammals -- Chapter 15. Animal Extinction, Film and the Death Drive -- Chapter 16. Tasmanian Tiger -- Chapter 17. From the General to the Particular -- Part VI. Exhibiting Extinction -- Chapter 18. Three Variations on the Theme of Extinction -- Chapter 19. The Exhibition of Extinct Species -- Chapter 20. Exhibiting Extinction -- Afterword -- Contributors -- Index. 
588 |a Description based on publisher supplied metadata and other sources. 
590 |a Electronic reproduction. Ann Arbor, Michigan : ProQuest Ebook Central, 2024. Available via World Wide Web. Access may be limited to ProQuest Ebook Central affiliated libraries.  
655 4 |a Electronic books. 
700 1 |a Chare, Nicholas. 
776 0 8 |i Print version:  |a Bienvenue, Valérie  |t Animals, Plants and Afterimages  |d New York, NY : Berghahn Books, Incorporated,c2022  |z 9781800734258 
797 2 |a ProQuest (Firm) 
856 4 0 |u https://ebookcentral.proquest.com/lib/matrademy/detail.action?docID=6882402  |z Click to View